<?xml version="1.0" encoding="UTF-8"?>
<record
    xmlns:xsi="http://www.w3.org/2001/XMLSchema-instance"
    xsi:schemaLocation="http://www.loc.gov/MARC21/slim http://www.loc.gov/standards/marcxml/schema/MARC21slim.xsd"
    xmlns="http://www.loc.gov/MARC21/slim">

  <leader>01284    a2200217   4500</leader>
  <controlfield tag="001">30678</controlfield>
  <controlfield tag="005">20260407155616.0</controlfield>
  <controlfield tag="008">260407a1980    arg                 spa d</controlfield>
  <controlfield tag="003">AR-UNSa-BCEJYS</controlfield>
  <datafield tag="040" ind1=" " ind2=" ">
    <subfield code="a">AR-UNSa-BCEJYS</subfield>
    <subfield code="b">spa</subfield>
    <subfield code="c">AR-UNSa-BCEJYS</subfield>
  </datafield>
  <datafield tag="080" ind1=" " ind2=" ">
    <subfield code="a">657.41</subfield>
    <subfield code="x">Contabilidad Financiera</subfield>
  </datafield>
  <datafield tag="245" ind1="1" ind2="0">
    <subfield code="a">Introducci&#xF3;n a la contabilidad financiera</subfield>
  </datafield>
  <datafield tag="020" ind1=" " ind2=" ">
    <subfield code="a">968-18-1174-7</subfield>
  </datafield>
  <datafield tag="264" ind1=" " ind2="1">
    <subfield code="a">M&#xE9;xico :</subfield>
    <subfield code="b">Limusa</subfield>
    <subfield code="c">1980</subfield>
  </datafield>
  <datafield tag="300" ind1=" " ind2=" ">
    <subfield code="a">467 p.</subfield>
    <subfield code="c">23 cm.</subfield>
  </datafield>
  <datafield tag="505" ind1=" " ind2=" ">
    <subfield code="a">Cap. I: Identificaci&#xF3;n, evaluaci&#xF3;n y comunicaci&#xF3;n de la informaci&#xF3;n financiera - Cap. II: Los estados financieros: generalidades - Cap. III: Evaluaci&#xF3;n y registro de la informaci&#xF3;n financiera - Cap. IV: Procesos de ajuste y cierre - Cap. V: El efectivo - Cap. VI: Cuentas por cobrar - Cap. VII: El inventario - Cap. VIII: Inversiones - Cap. IX: Activo fijo, activo intangible y recursos naturales - Cap. X: El pasivo - Cap. XI: Capital social -Cap. XII: Estado de cambios en la situaciu&#xF3;n financiera - Cap. XIII: An&#xE1;lisis de estados financieros - Cap. XIV: Origen de los principios de contabilidad. Problemas contempor&#xE1;neos - Cap. XV: Contabilidad administrativa: generalidades</subfield>
  </datafield>
  <datafield tag="942" ind1=" " ind2=" ">
    <subfield code="c">BK</subfield>
  </datafield>
  <datafield tag="590" ind1=" " ind2=" ">
    <subfield code="a">niveau_biblio:m niveau_hierar:0</subfield>
  </datafield>
  <datafield tag="100" ind1="1" ind2=" ">
    <subfield code="a">Mc Cullers, Levis</subfield>
  </datafield>
  <datafield tag="700" ind1="1" ind2=" ">
    <subfield code="a">Van Daniker, Relmond P.</subfield>
  </datafield>
  <datafield tag="999" ind1=" " ind2=" ">
    <subfield code="c">2106</subfield>
    <subfield code="d">2106</subfield>
  </datafield>
  <datafield tag="952" ind1=" " ind2=" ">
    <subfield code="0">0</subfield>
    <subfield code="1">0</subfield>
    <subfield code="4">0</subfield>
    <subfield code="7">0</subfield>
    <subfield code="a">BCEJYS</subfield>
    <subfield code="b">BCEJYS</subfield>
    <subfield code="c">16</subfield>
    <subfield code="d">2026-04-07</subfield>
    <subfield code="l">0</subfield>
    <subfield code="o">657.41 M478</subfield>
    <subfield code="p">L33896</subfield>
    <subfield code="r">2026-04-07 15:56:16</subfield>
    <subfield code="w">2026-04-07</subfield>
    <subfield code="y">L</subfield>
  </datafield>
</record>
